000 00888nam a22003017a 4500
001 0001125
003 KOHA_MİRAKIL
005 20260207001231.0
007 ta
008 081212b2007 tu |||gr||||#||||0|tur |
020 _a9756009934
_cYTL46,83700000000001
040 _aTR-BiSEU
_btur
_cTR-BiSEU
_erda
041 0 _atur
044 _ctu
050 _aQD261
_b.D46 2007
245 0 _aDenel organik kimya/
_ceditör Ender Erdik, Metin Obalı...[ ve bşk.].
250 _a4.bs.
264 1 _aAnkara :
_bGazi Kitabevi
_c2007
300 _a1226 sayfa
336 _ametin
_btxt
_2rdacontent
337 _aaracısız
_bn
_2rdamedia
338 _acilt
_bnc
_2rdacarrier
650 0 _aKimya, Organik.
_91514
650 0 _aOrganik kimya--Laboratuvar kitapları.
_93984
650 0 _aChemistry, Organic.
_91515
650 0 _aChemistry, Organic--Laboratory manuals.
_93985
942 _2lcc
_cBK
999 _c1120
_d1120